000 00343nam a2200133Ia 4500
008 240624s9999 xx 000 0 und d
041 _aeng
082 _a658.4 SAV
100 _aSAVOIA ALBERTO
245 _aRIGHT IT WHY SO MANY IDEAS FAIL AND HOW
260 _c2019
_aNew York
_bHarper One
300 _axiv, 254 p.; 23 cm.
365 _c
_b30
999 _c32065
_d32065